Once upon a time (Record no. 82947)

MARC details
000 -LEADER
fixed length control field 00655cab a22001815a 4500
001 - CONTROL NUMBER
control field L152352
008 - FIXED-LENGTH DATA ELEMENTS--GENERAL INFORMATION
fixed length control field 110225e20110218xxko f 000 0 eng d
035 ## - SYSTEM CONTROL NUMBER
System control number (Sirsi) u152352
041 0# - LANGUAGE CODE
Language code of text/sound track or separate title eng
100 1# - MAIN ENTRY--PERSONAL NAME
Personal name Choat, Rupert
245 00 - TITLE STATEMENT
Title Once upon a time
260 ## - PUBLICATION, DISTRIBUTION, ETC.
Date of publication, distribution, etc. 2011
490 #0 - SERIES STATEMENT
Series statement Building
Volume/sequential designation 276 (8666) 18 February 2011, 41(1)
520 ## - SUMMARY, ETC.
Summary, etc. The law determining whether there should be an extension of time (EOT) when both employer and contractor are to blame for a delay in construction, is in disarray.
651 #4 - SUBJECT ADDED ENTRY--GEOGRAPHIC NAME
Geographic name England and Wales
Chronological subdivision 1543-
690 ## - LOCAL SUBJECT ADDED ENTRY--TOPICAL TERM (OCLC, RLIN)
Topical term or geographic name as entry element BUILT ENVIRONMENT-CONSTRUCTION MANAGEMENT-BUILDING CONTRACT ADMINISTRATION
942 ## - ADDED ENTRY ELEMENTS (KOHA)
Suppress in OPAC 0
Holdings
Withdrawn status Lost status Source of classification or shelving scheme Damaged status Not for loan Home library Current library Shelving location Date acquired Total Checkouts Full call number Barcode Date last seen Copy number Price effective from Koha item type
    Dewey Decimal Classification     London London Journal article 25/02/2011   L152352 152352-1001 06/08/2019 1 06/08/2019 Journal article